000 00328nam a22001337a 4500
008 171027b xxu||||| |||| 00| 0 eng d
020 _a9780137645077
041 _aeng
080 _23 ED
_a336
100 _a55
101 _aMEN
245 _aFOUNDAMENTALS MULTINATIONAL FINANCIAL MANAGEMENT
_cALAN.C.SHA
942 _2udc
_cBK
999 _c36058
_d36058